Khristian tuailai pawl EBCC Mualnuam : (Record no. 7735)

MARC details
000 -LEADER
fixed length control field 00415nam a22001457a 4500
003 - CONTROL NUMBER IDENTIFIER
control field GBCCL
005 - DATE AND TIME OF LATEST TRANSACTION
control field 20241126110635.0
008 - FIXED-LENGTH DATA ELEMENTS--GENERAL INFORMATION
fixed length control field 180914b ||||| |||| 00| 0 eng d
040 ## - CATALOGING SOURCE
Transcribing agency gbc
082 ## - DEWEY DECIMAL CLASSIFICATION NUMBER
Classification number SOU KHR
Item number 1996
245 ## - TITLE STATEMENT
Title Khristian tuailai pawl EBCC Mualnuam :
Remainder of title silver jubilee souvenir 1971-1996/
Statement of responsibility, etc. Suanthang Guite, editor
260 ## - PUBLICATION, DISTRIBUTION, ETC.
Date of publication, distribution, etc. 1996.
Place of publication, distribution, etc. Mualnuam,
Name of publisher, distributor, etc. KTP, EBCC
300 ## - PHYSICAL DESCRIPTION
Extent 68pages
942 ## - ADDED ENTRY ELEMENTS (KOHA)
Source of classification or shelving scheme Dewey Decimal Classification
Koha item type Archives
Holdings
Withdrawn status Lost status Source of classification or shelving scheme Damaged status Not for loan Home library Current Library Shelving location Date acquired Total checkouts Full call number Barcode Date last seen Copy number Price effective from Koha item type
    Dewey Decimal Classification     GRACE BIBLE COLLEGE GRACE BIBLE COLLEGE Archives 2018-09-14   SOU KHR 1996 250119 2025-05-01 c.1 2018-09-14 Archives
© Grace Bible College Library 2025